Anonymous Bible Books - sudden death! - Statistics

General Stats
  • This quiz has been taken 78 times
    64 since last reset
  • The average score is 5 of 20
Answers on the Grid
Answers color-coded by a green-red scale on the quiz's grid according to % correct below.
1 Corinthians
1 Kings
1 Peter
1 Samuel
Acts
Amos
Daniel
Deuteronomy
Esther
Exodus
Ezekiel
Ezra
Genesis
Haggai
Hebrews
Isaiah
Jeremiah
Job
Jonah
Joshua
Jude
Judges
Lamentations
Leviticus
Luke
Matthew
Numbers
Philippians
Romans
Ruth
 
Answer Stats
Answer % Correct
1 Kings
56%
1 Samuel
37%
Numbers
37%
Deuteronomy
33%
Exodus
30%
Genesis
30%
Judges
30%
Job
26%
Lamentations
26%
Ruth
26%
Hebrews
23%
Leviticus
23%
Acts
21%
Esther
21%
Daniel
14%
Jonah
14%
Ezra
9%
Joshua
9%
Luke
5%
Matthew
5%
No matching quizzes found
Score Distribution
Percent of People with Each Score
Percentile by Number Answered
Your Score History
You have not taken this quiz since the last reset